Psychological foundations of culture (Record no. 3884)

MARC details
000 -LEADER
fixed length control field 00525nam a2200181Ia 4500
020 ## - INTERNATIONAL STANDARD BOOK NUMBER
ISBN 0-8058-3839-2
082 ## - DEWEY DECIMAL CLASSIFICATION NUMBER
Classification number 306 PSY-
245 #0 - TITLE STATEMENT
Title Psychological foundations of culture
260 ## - PUBLICATION, DISTRIBUTION, ETC. (IMPRINT)
Place of publication New Jersey
Name of publisher Lawrence Erlbaum Associates Publishers
Year of publication 2004
300 ## - PHYSICAL DESCRIPTION
Number of Pages viii, 384p.
504 ## - BIBLIOGRAPHY, ETC. NOTE
Bibliography, etc includes index
650 ## - SUBJECT ADDED ENTRY--TOPICAL TERM
Topical Term Ethnopsychology
650 ## - SUBJECT ADDED ENTRY--TOPICAL TERM
Topical Term Culture - Origin - Psychological aspects
650 ## - SUBJECT ADDED ENTRY--TOPICAL TERM
Topical Term Social change - Psychological aspects
700 ## - ADDED ENTRY--PERSONAL NAME
Personal name Crandall, Christian S.
700 ## - ADDED ENTRY--PERSONAL NAME
Personal name Schaller, Mark
942 ## - ADDED ENTRY ELEMENTS (KOHA)
Koha item type Books
Holdings
Withdrawn status Lost status Damaged status Not for loan Home library Current library Date acquired Source of acquisition Bill Date Full call number Accession Number Price effective from Koha item type
        NASSDOC Library NASSDOC Library 24/11/2004 SEGM 2004-10-22 306 PSY- 40257 18/04/2019 Books